| 000 | 00775nam a22001937a 4500 | ||
|---|---|---|---|
| 003 | BD-DhUL | ||
| 005 | 20180528101230.0 | ||
| 008 | 180528s1916 ii ||||| |||| 00| 0 ben d | ||
| 040 |
_aBD-DhUL _cBD-DhUL |
||
| 082 |
_a891.443 _bPRD |
||
| 100 | 1 | _aমুখোপাধ্যায়, প্রভাতকুমার | |
| 245 | 0 | 0 |
_aদেশী ও বিলাতী : _bগল্প / _cপ্রভাতকুমার মুখোপাধ্যায় |
| 250 | _a৩য় সং. | ||
| 260 |
_aকলিকাতা : _bগুরুদাস চট্টোপাধ্যায়, _c১৯১৬। |
||
| 300 |
_a৩৫০ পৃ. ; _c১৮ সেমি. |
||
| 650 | 4 | _aবাংলা উপন্যাস | |
| 650 | 4 | _aBengali fiction | |
| 942 |
_2ddc _cBK |
||
| 999 |
_c241623 _d241623 |
||